El reclutamiento y promoción en la carrera eclesiática en el río de la Plata Colonial.

Uloženo v:
Podrobná bibliografie
Médium: Neznámo
Jazyk:Spanish
Témata:
Tagy: Přidat tag
Žádné tagy, Buďte první, kdo vytvoří štítek k tomuto záznamu!

MARC

LEADER 000000000a22000000004500
001 005956
041 0 |a spa 
245 0 3 |a El reclutamiento y promoción en la carrera eclesiática en el río de la Plata Colonial. 
650 4 |a ARGENTINA 
650 4 |a HISTORIA 
650 4 |a RIO DE LA PLATA COLONIAL 
650 4 |a IGLESIA CATÓLICA 
650 4 |a CARRERA ECLESIASTICA 
942 |c ARC 
999 |c 12613  |d 12613